000 00329nam a2200133Ia 4500
008 190216s9999||||xx |||||||||||||| ||und||
100 _aSamuel Glasstone
245 0 _aIntroduction To Electrochemistry
250 _a1st Ed.
260 _bD -van Nostrand Co.
_c1942
300 _a557
650 _aChemistry-Chemistry
942 _cBK
999 _c2268
_d2268